[Event "GER-ch Seniors 50"]
[Site "Hamburg"]
[Date "2018.07.21"]
[Round "1"]
[White "Schatz, Christian"]
[Black "Gauer, Jakob"]
[Result "1-0"]
[WhiteElo "2155"]
[BlackElo "1758"]
[PlyCount "139"]
[EventDate "2018.07.21"]
[EventType "swiss"]
[EventRounds "9"]
[EventCountry "GER"]
[SourceTitle "CBM 186 Extra"]
[Source "ChessBase"]
[SourceDate "2018.08.24"]
[SourceVersion "1"]
[SourceVersionDate "2018.08.24"]
[SourceQuality "1"]

1. Nf3 d5 2. c4 e6 3. g3 Nf6 4. Bg2 Be7 5. 0-0 0-0 6. b3 c6 7. Bb2 b6 8. d4 Bb7 9. Nc3 Nbd7 10. Rc1 Rc8 11. Qd3 Re8 12. Rfd1 a6 13. e4 dxe4 14. Nxe4 Nxe4 15. Qxe4 Nf6 16. Qe2 Bf8 17. Ne5 Nd7 18. Nd3 Qe7 19. Qf3 Qd8 20. b4 Ba8 21. c5 b5 22. Re1 Qc7 23. Bc3 Be7 24. Red1 Bf6 25. Ne5 Nb8 26. h4 Red8 27. Ng4 Be7 28. h5 Rd5 29. h6 Rf5 30. Qe2 g6 31. Qd3 Nd7 32. Be4 Rh5 33. Bf3 Rf5 34. Re1 Nf6 35. Ne3 Nd7 36. Ng4 Nf6 37. Kg2 Nxg4 38. Bxg4 Rd5 39. Bf3 Rf5 40. g4 Rg5 41. d5 cxd5 42. Qd4 e5 43. Rxe5 Rxe5 44. Qxe5 Qxe5 45. Bxe5 Rd8 46. Kg3 f6 47. Bb2 Kf7 48. Bg2 Bc6 49. f4 Rd7 50. Re1 Bd8 51. f5 Bc7+ 52. Kf2 gxf5 53. gxf5 Re7 54. Rd1 Be5 55. Bc1 Rd7 56. Bf3 Kf8 57. Ke3 Bc3 58. a3 a5 59. Bd2 Bxd2+ 60. Kxd2 axb4 61. axb4 Ra7 62. Kc2 Ra4 63. Kb3 Ra8 64. Bxd5 Rd8 65. Bf3 Rc8 66. Bxc6 Rxc6 67. Rd7 Rc8 68. Rxh7 Kg8 69. Rg7+ Kf8 70. Rb7 1-0

[Event "Stuttgart-chB int"]
[Site "Ditzingen"]
[Date "2018.05.10"]
[Round "2"]
[White "Khamenya, Vitalia"]
[Black "Gauer, Jakob"]
[Result "1-0"]
[WhiteElo "1789"]
[BlackElo "1758"]
[PlyCount "99"]
[EventDate "2018.05.10"]
[EventType "swiss"]
[EventRounds "7"]
[EventCountry "GER"]
[SourceTitle "EXT 2020"]
[Source "ChessBase"]
[SourceDate "2019.10.17"]
[SourceVersion "1"]
[SourceVersionDate "2019.10.17"]
[SourceQuality "1"]

1. e4 c5 2. d4 cxd4 3. c3 d3 4. Bxd3 d6 5. c4 Nc6 6. Nc3 e6 7. Nf3 g6 8. Be3 a6 9. 0-0 Nf6 10. h3 Qc7 11. Rc1 Qb8 12. Na4 Nd7 13. Bf4 e5 14. Be3 Be7 15. Nc3 Nf6 16. a3 0-0 17. b4 b6 18. Nd5 Bd8 19. Bxb6 Nxd5 20. cxd5 Ne7 21. Bxd8 Rxd8 22. Nd2 Bd7 23. Nc4 Bb5 24. Na5 Rc8 25. Rxc8+ Qxc8 26. Bxb5 axb5 27. Qd3 Qd7 28. Rc1 f5 29. Nc6 fxe4 30. Qxb5 Nf5 31. Nd4 Qxb5 32. Nxb5 Nd4 33. Nxd4 exd4 34. Ra1 Rb8 35. Kf1 Kf7 36. f4 exf3 37. gxf3 Kf6 38. Rb1 Ke5 39. b5 Kxd5 40. a4 Kc5 41. Ke2 Kc4 42. Kd2 Kc5 43. Kd3 d5 44. f4 Rb6 45. h4 Rf6 46. b6 Rf8 47. b7 Rb8 48. a5 Kc6 49. a6 Kc7 50. a7 1-0

[Event "Stuttgart-chA int"]
[Site "Ditzingen"]
[Date "2016.05.07"]
[Round "5"]
[White "Schmidt, Markus1"]
[Black "Gauer, Jakob"]
[Result "1/2-1/2"]
[WhiteElo "1901"]
[BlackElo "1801"]
[PlyCount "80"]
[EventDate "2016.05.05"]
[EventType "swiss"]
[EventRounds "7"]
[EventCountry "GER"]
[SourceTitle "EXT 2018"]
[Source "ChessBase"]
[SourceDate "2017.10.13"]
[SourceVersion "1"]
[SourceVersionDate "2017.10.13"]
[SourceQuality "1"]

1. Nf3 d5 2. d4 Nf6 3. c4 e6 4. g3 Be7 5. Bg2 0-0 6. Nc3 c6 7. 0-0 b6 8. b3 Nbd7 9. cxd5 cxd5 10. Bb2 Bb7 11. Rc1 a6 12. Re1 Rc8 13. e3 Bd6 14. Ne2 Qe7 15. Ne5 Bb4 16. Rf1 Nxe5 17. dxe5 Ne4 18. f4 f5 19. Bxe4 dxe4 20. Rxc8 Rxc8 21. Nd4 Bd5 22. Qe2 b5 23. Qf2 Ba3 24. g4 g6 25. gxf5 exf5 26. Ba1 Rc1 27. e6 Rxf1+ 28. Kxf1 Bxe6 29. Qc2 Kf7 30. Qc6 Qd6 31. Qb7+ Bd7 32. Kf2 Bc5 33. Qa8 Bxd4 34. Bxd4 Be8 35. Qa7+ Bd7 36. Kg3 h6 37. h3 g5 38. Bc5 Qd1 39. Kf2 Qd2+ 40. Kf1 Qd1+ 1/2-1/2

[Event "Wiesbaden op 25th"]
[Site "Wiesbaden"]
[Date "2013.08.23"]
[Round "2"]
[White "Gauer, Jakob"]
[Black "Diehl, Stefan"]
[Result "0-1"]
[WhiteElo "1898"]
[BlackElo "1699"]
[PlyCount "124"]
[EventDate "2013.08.22"]
[EventType "swiss"]
[EventRounds "7"]
[EventCountry "GER"]
[SourceTitle "EXT 2014"]
[Source "ChessBase"]
[SourceDate "2013.11.20"]
[SourceVersion "1"]
[SourceVersionDate "2013.11.20"]
[SourceQuality "1"]

1. e4 d5 2. exd5 Qxd5 3. Nc3 Qa5 4. d4 Nf6 5. Nf3 Bf5 6. Bd2 c6 7. Bc4 e6 8. Nd5 Qd8 9. Nxf6+ gxf6 10. Be3 Nd7 11. Bd3 Bg6 12. Qd2 Nb6 13. 0-0-0 Qd5 14. Kb1 Nc4 15. Qc3 Nb6 16. Qb3 Qxb3 17. axb3 Nd5 18. Rhe1 0-0-0 19. h3 Nxe3 20. fxe3 Rg8 21. g4 Bd6 22. Rf1 Be7 23. e4 h5 24. Rg1 hxg4 25. hxg4 Bf8 26. c3 c5 27. e5 Bxd3+ 28. Rxd3 fxe5 29. Nxe5 f6 30. Nf3 cxd4 31. Rxd4 Rxd4 32. Nxd4 Bc5 33. Rf1 Bxd4 34. cxd4 Rg6 35. Kc2 Kd7 36. Rf4 Ke7 37. Kc3 Rg8 38. Re4 Rc8+ 39. Kd3 Rd8 40. Kc4 Rc8+ 41. Kd3 Kd6 42. Rf4 Rf8 43. Kc4 b6 44. b4 a6 45. b5 a5 46. b3 Ke7 47. Re4 Rd8 48. Rf4 Rd5 49. Re4 Rg5 50. Rf4 e5 51. Re4 Kd6 52. dxe5+ fxe5 53. b4 a4 54. Kc3 Rg7 55. Rc4 Rc7 56. g5 Rxc4+ 57. Kxc4 Ke6 58. g6 Kf6 59. Kd5 a3 60. g7 Kxg7 61. Kxe5 a2 62. Kd6 a1Q 0-1

[Event "Wiesbaden op 25th"]
[Site "Wiesbaden"]
[Date "2013.08.22"]
[Round "1"]
[White "Meijers, Viesturs"]
[Black "Gauer, Jakob"]
[Result "1-0"]
[WhiteElo "2458"]
[BlackElo "1910"]
[PlyCount "55"]
[EventDate "2013.08.22"]
[EventType "swiss"]
[EventRounds "7"]
[EventCountry "GER"]
[SourceTitle "CBM 156 Extra"]
[Source "ChessBase"]
[SourceDate "2013.10.22"]
[SourceVersion "1"]
[SourceVersionDate "2013.10.22"]
[SourceQuality "1"]

1. e4 e5 2. Nf3 Nc6 3. Bb5 a6 4. Bxc6 dxc6 5. 0-0 f6 6. d4 exd4 7. Nxd4 c5 8. Nb3 Qxd1 9. Rxd1 Bd6 10. Nc3 Ne7 11. Na5 0-0 12. Nc4 Be5 13. Nxe5 fxe5 14. Nd5 Nxd5 15. Rxd5 Re8 16. Rxc5 c6 17. b3 b6 18. Rxc6 Bb7 19. Rxb6 Bxe4 20. c4 Bf5 21. Bb2 Re7 22. Rd1 e4 23. Rd5 Rd7 24. Rxd7 Bxd7 25. h3 Ra7 26. Bd4 Kf7 27. Rd6 Ke7 28. Rd5 1-0

[Event "Stuttgart-chA"]
[Site "Stuttgart"]
[Date "2003.??.??"]
[Round "?"]
[White "Gauer, Jakob"]
[Black "Reinhardt, Klaus"]
[Result "1/2-1/2"]
[WhiteElo "2025"]
[BlackElo "1765"]
[PlyCount "91"]
[EventDate "2003.??.??"]
[EventType "swiss"]
[EventRounds "9"]
[EventCountry "GER"]
[SourceTitle "EXT 2007"]
[Source "ChessBase"]
[SourceDate "2006.11.23"]
[SourceVersion "1"]
[SourceVersionDate "2006.11.23"]
[SourceQuality "1"]

1. e4 c5 2. Nf3 d6 3. d4 cxd4 4. Nxd4 Nf6 5. Nc3 g6 6. Be3 Bg7 7. Qd2 Nc6 8. f3 Bd7 9. Bc4 0-0 10. g4 Ne5 11. Bb3 Qa5 12. 0-0-0 Rfc8 13. Kb1 Nc4 14. Bxc4 Rxc4 15. Nd5 Qxd2 16. Rxd2 Kf8 17. h4 Nxd5 18. exd5 h6 19. Rg1 a5 20. f4 b5 21. h5 Kg8 22. g5 Kh7 23. gxh6 Bf6 24. hxg6+ fxg6 25. Nf3 Rac8 26. Ng5+ Bxg5 27. fxg5 Bf5 28. Rc1 a4 29. a3 b4 30. axb4 Rxb4 31. Ka2 Be4 32. c3 Rb5 33. Rd4 Bf5 34. Rxa4 Rxd5 35. Bd4 Be6 36. Re1 Re5+ 37. b3 Rxe1 38. Ra7 Bd5 39. c4 Bf3 40. Kb2 Rb8 41. Kc3 Re8 42. Kd3 Rb1 43. Kc3 Rc1+ 44. Kd3 Re1 45. Bc3 Rg1 46. Bf6 1/2-1/2

[Event "Stuttgart-chA"]
[Site "Stuttgart"]
[Date "2003.??.??"]
[Round "?"]
[White "Gheng, Josef"]
[Black "Gauer, Jakob"]
[Result "1-0"]
[WhiteElo "2335"]
[BlackElo "2025"]
[PlyCount "61"]
[EventDate "2003.??.??"]
[EventType "swiss"]
[EventRounds "9"]
[EventCountry "GER"]
[SourceTitle "EXT 2007"]
[Source "ChessBase"]
[SourceDate "2006.11.23"]
[SourceVersion "1"]
[SourceVersionDate "2006.11.23"]
[SourceQuality "1"]

1. e4 e5 2. Nf3 Nc6 3. Bc4 Bc5 4. 0-0 Nf6 5. b4 Bxb4 6. c3 Be7 7. d4 Na5 8. Bxf7+ Kxf7 9. dxe5 d5 10. exf6 gxf6 11. Nd4 h5 12. Qe2 c5 13. Nf5 Bxf5 14. exf5 Qd6 15. Re1 Rae8 16. Qf3 Bd8 17. Rxe8 Kxe8 18. Bf4 Qd7 19. Na3 Nc6 20. Re1+ Kf7 21. Nb5 Be7 22. Nd6+ Bxd6 23. Qxd5+ Kg7 24. Bxd6 Rd8 25. Re6 Ne5 26. Qd1 Nf7 27. Qxh5 Nxd6 28. Qg6+ Kf8 29. Rxf6+ Nf7 30. Qh6+ Ke7 31. Re6+ 1-0